Countries by First and Last letter in 90 Seconds - Statistics

General Stats
  • This quiz has been taken 33 times
  • The average score is 97 of 196
Answers on the Map
Answers color-coded by a green-red scale on the quiz's map according to % correct below.
 
Answer Stats
Country % Correct
Albania
88%
Algeria
88%
Andorra
88%
Angola
88%
Antigua and Barbuda
88%
Argentina
88%
Armenia
88%
Australia
88%
Austria
88%
Brazil
88%
Cambodia
88%
Canada
88%
China
88%
Colombia
88%
Costa Rica
88%
Croatia
88%
Cuba
88%
Federated States of Micronesia
88%
Mexico
88%
Monaco
88%
Montenegro
88%
Morocco
88%
Romania
88%
Russia
88%
Rwanda
88%
Saint Lucia
88%
Samoa
88%
Saudi Arabia
88%
Serbia
88%
Slovakia
88%
Slovenia
88%
Somalia
88%
South Africa
88%
South Korea
88%
Sri Lanka
88%
Syria
88%
India
82%
Indonesia
82%
Malaysia
82%
Malta
82%
Mauritania
82%
Moldova
82%
Mongolia
82%
North Macedonia
82%
United Arab Emirates
82%
United States
82%
Latvia
76%
Liberia
76%
Libya
76%
Lithuania
76%
United Kingdom
76%
France
71%
Gambia
71%
Georgia
71%
Ghana
71%
Grenada
71%
Guatemala
71%
Guinea
71%
Guyana
71%
Myanmar
71%
South Sudan
71%
Spain
71%
Sudan
71%
Sweden
71%
Bolivia
65%
Bosnia and Herzegovina
65%
Botswana
65%
Bulgaria
65%
Cape Verde
65%
Chile
65%
Iceland
65%
Ireland
65%
Ivory Coast
65%
Namibia
65%
Nicaragua
65%
Nigeria
65%
North Korea
65%
Democratic Republic of the Congo
59%
Kazakhstan
59%
Kyrgyzstan
59%
Uganda
59%
Denmark
53%
Germany
53%
Japan
53%
Jordan
53%
Norway
53%
Palau
53%
Panama
53%
Papua New Guinea
53%
Peru
53%
Uruguay
53%
Afghanistan
47%
Azerbaijan
47%
Dominica
47%
Equatorial Guinea
47%
Eritrea
47%
Estonia
47%
Ethiopia
47%
Finland
47%
Italy
47%
Malawi
47%
Mali
47%
Paraguay
47%
Poland
47%
Venezuela
47%
Central African Republic
41%
Czech Republic
41%
Egypt
41%
Iran
41%
Iraq
41%
Pakistan
41%
Portugal
41%
São Tomé and Príncipe
41%
Sierra Leone
41%
Singapore
41%
Suriname
41%
Taiwan
41%
Tajikistan
41%
Tanzania
41%
Tonga
41%
Tunisia
41%
Turkmenistan
41%
Uzbekistan
41%
Bahamas
35%
Barbados
35%
Belarus
35%
East Timor
35%
Ecuador
35%
El Salvador
35%
Eswatini
35%
Haiti
35%
Jamaica
35%
Kenya
35%
Madagascar
35%
New Zealand
35%
Turkey
35%
Chad
29%
Hungary
29%
Mozambique
29%
Oman
29%
Republic of the Congo
29%
Switzerland
29%
Ukraine
29%
Yemen
29%
Belgium
24%
Greece
24%
Honduras
24%
Lesotho
24%
Nepal
24%
Netherlands
24%
Zambia
24%
Bangladesh
18%
Dominican Republic
18%
Fiji
18%
Laos
18%
Niger
18%
Qatar
18%
Saint Kitts and Nevis
18%
Saint Vincent and the Grenadines
18%
San Marino
18%
Senegal
18%
Seychelles
18%
Solomon Islands
18%
Thailand
18%
Vietnam
18%
Zimbabwe
18%
Bahrain
12%
Belize
12%
Benin
12%
Bhutan
12%
Burkina Faso
12%
Cameroon
12%
Djibouti
12%
Gabon
12%
Guinea-Bissau
12%
Israel
12%
Kiribati
12%
Maldives
12%
Marshall Islands
12%
Mauritius
12%
Togo
12%
Trinidad and Tobago
12%
Vatican City
12%
Brunei
6%
Burundi
6%
Comoros
6%
Cyprus
6%
Kosovo
6%
Kuwait
6%
Lebanon
6%
Liechtenstein
6%
Luxembourg
6%
Nauru
6%
Philippines
6%
Tuvalu
6%
Vanuatu
6%
No matching quizzes found
Score Distribution
Percent of People with Each Score
Percentile by Number Answered
Your Score History
You have not taken this quiz